Ella enchanted (Record no. 137428)

000 -LEADER
fixed length control field 00318nam a2200121Ia 4500
008 - FIXED-LENGTH DATA ELEMENTS--GENERAL INFORMATION
fixed length control field 220120s9999||||xx |||||||||||||| ||und||
082 ## - DEWEY DECIMAL CLASSIFICATION NUMBER
Classification number 823 HAR
100 ## - MAIN ENTRY--PERSONAL NAME
Personal name Levine, Gail Carson
9 (RLIN) 11889
245 #0 - TITLE STATEMENT
Title Ella enchanted
260 ## - PUBLICATION, DISTRIBUTION, ETC.
Place of publication, distribution, etc. Harper Trophy
Name of publisher, distributor, etc. New Delhi
Date of publication, distribution, etc. 1997
300 ## - PHYSICAL DESCRIPTION
Extent VI1154p.28cm
Other physical details 42.5
650 ## - SUBJECT ADDED ENTRY--TOPICAL TERM
Topical term or geographic name entry element ELECTRONICS
Holdings
Withdrawn status Lost status Damaged status Not for loan Collection code Home library Current library Date acquired Full call number Barcode Date last seen Price effective from Koha item type
        Humanity Science Central Library Central Library 01/20/2022 823 LEV GF1287 01/20/2022 01/20/2022 Gift Books

Powered by Koha